Preparation of manuscripts for the printer. (Record no. 15024)

000 -LEADER
fixed length control field 00716nam a2200205 a 4500
001 - CONTROL NUMBER
control field :::00012862$&:&@@
003 - CONTROL NUMBER IDENTIFIER
control field OkBaRHE
005 - DATE AND TIME OF LATEST TRANSACTION
control field 20000607103423.0
008 - FIXED-LENGTH DATA ELEMENTS--GENERAL INFORMATION
fixed length control field s1912 j 000 0 eng u
040 ## - CATALOGING SOURCE
Transcribing agency
100 1# - MAIN ENTRY--PERSONAL NAME
Personal name Vizetelly, Frank H.
245 10 - TITLE STATEMENT
Title Preparation of manuscripts for the printer.
260 ## - PUBLICATION, DISTRIBUTION, ETC. (IMPRINT)
Place of publication, distribution, etc New York, NY., :
Name of publisher, distributor, etc Funk and Wagnalls Co.
Date of publication, distribution, etc c1912
300 ## - PHYSICAL DESCRIPTION
Extent 148 p. ;
Dimensions 17 cm.
650 ## - SUBJECT ADDED ENTRY--TOPICAL TERM
Topical term or geographic name as entry element English Language
General subdivision Composition and Exercises
650 ## - SUBJECT ADDED ENTRY--TOPICAL TERM
Topical term or geographic name as entry element Report Writing
942 ## - ADDED ENTRY ELEMENTS (KOHA)
Source of classification or shelving scheme
Koha item type Books
Copies
Lost status Not for loan Damaged status Date acquired Source of classification or shelving scheme Barcode Koha item type Price effective from Withdrawn status Date last seen Shelving location Full call number Copy number Permanent Location
   2010-04-14 12862Books2010-04-14 2010-04-14General StacksPE 1111 .V51RHEMA Bible Training College
   2010-04-14 15108Books2010-04-14 2010-04-14General StacksPE 1111 .V52RHEMA Bible Training College